Central Library OPAC University of Rajshahi

Liberalism and the limits of justice / (Record no. 31008)

MARC details
000 -LEADER
fixed length control field 00836nam a2200277 a 4500
001 - CONTROL NUMBER
control field 31008
003 - CONTROL NUMBER IDENTIFIER
rucl marc code BD-RjUL
005 - DATE AND TIME OF LATEST TRANSACTION
control field 20211209051641.0
008 - FIXED-LENGTH DATA ELEMENTS--GENERAL INFORMATION
fixed length control field 140413r19831982enk b 001 0 eng
020 ## - INTERNATIONAL STANDARD BOOK NUMBER
International Standard Book Number 052124501X
International Standard Book Number 0521270774 (pbk.)
035 ## - SYSTEM CONTROL NUMBER
System control number (BD-RjUL)31095
040 ## - CATALOGING SOURCE
Original cataloging agency DLC
Transcribing agency DLC
Modifying agency DLC
-- BD-RjUL
Language of cataloging eng
041 ## - LANGUAGE CODE
Language code of text/sound track or separate title eng
082 00 - DEWEY DECIMAL CLASSIFICATION NUMBER
Classification number 320.011
Edition number 19
Author mark and year SAL 1983
100 1# - MAIN ENTRY--PERSONAL NAME
Personal name Sandel, Michael J.
9 (RLIN) 94271
245 10 - TITLE STATEMENT
Title Liberalism and the limits of justice /
Statement of responsibility, etc. Michael J. Sandel.
260 ## - PUBLICATION, DISTRIBUTION, ETC. (IMPRINT)
Place of publication, distribution, etc. Cambridge [Cambridgeshire] ;
-- New York :
Name of publisher, distributor, etc. Cambridge University Press,
Date of publication, distribution, etc. 1982 [Reprinted 1983].
300 ## - PHYSICAL DESCRIPTION
Pagination ix, 191 p. ;
Size 24 cm.
504 ## - BIBLIOGRAPHY, ETC. NOTE
Bibliography, etc Bibliography: p. 184-186 and index.
650 #0 - SUBJECT ADDED ENTRY--TOPICAL TERM
Topical term or geographic name as entry element Justice.
9 (RLIN) 94272
Topical term or geographic name as entry element Liberalism.
9 (RLIN) 94273
942 ## - ADDED ENTRY ELEMENTS (KOHA)
Source of classification or shelving scheme Dewey Decimal Classification
Koha item type Books
Holdings
Lost status Source of classification or shelving scheme Damaged status Not for loan Collection code Permanent Location Current Location Shelving location Date acquired Source of acquisition Cost, normal purchase price Total Checkouts Full call number Date last seen Copy number Koha item type
  Dewey Decimal Classification   Not For Loan Non-fiction Central Library, University of Rajshahi Central Library, University of Rajshahi Reading Room 02/01/1986 Karim Int. 6.50   320.011 SAL 1983 13/04/2014 C-1 Books